00288nam a2200097Ia 4500008004100000100002100041245003900062260005800101650001200159999001900171160725s9999 xx 000 0 und d aTomas, Grace Fe. aCurriculum design and development. bKaizen Research Journal College of NursingcJune 2013 aNURSING c298023d298023